Online katalóg knižníc regiónu Turca

Kenilworth (Record no. 21097)

MARC details
000 -LEADER
fixed length control field 01831nam a2200493 a 4500
001 - CONTROL NUMBER
control field 21097
003 - CONTROL NUMBER IDENTIFIER
control field VRT
005 - DATE AND TIME OF LATEST TRANSACTION
control field 20260213134002.0
008 - FIXED-LENGTH DATA ELEMENTS--GENERAL INFORMATION
fixed length control field 210624s1965 xo 000 slo
015 ## - NATIONAL BIBLIOGRAPHY NUMBER
National bibliography number SKSNBA1965/08-02041
035 ## - SYSTEM CONTROL NUMBER
System control number SK01SNK19650022618
035 ## - SYSTEM CONTROL NUMBER
System control number SKM000025081
039 #9 - LEVEL OF BIBLIOGRAPHIC CONTROL AND CODING DETAIL [OBSOLETE]
Level of rules in bibliographic description 202106241109
Level of effort used to assign nonsubject heading access points VLOAD
Level of effort used to assign subject headings 202105141213
Level of effort used to assign classification VLOAD
Level of effort used to assign subject headings 202105101807
Level of effort used to assign classification AUTHORITY
Level of effort used to assign subject headings 201811280913
Level of effort used to assign classification VLOAD
040 ## - CATALOGING SOURCE
Original cataloging agency SNK
Language of cataloging slo
Transcribing agency SNK
Modifying agency KURUK
Description conventions AACR2
041 1# - LANGUAGE CODE
Language code of text/sound track or separate title slo
Language code of original eng
044 ## - COUNTRY OF PUBLISHING/PRODUCING ENTITY CODE
MARC country code xo
ISO country code SK
072 #7 - SUBJECT CATEGORY CODE
Subject category code 821.111-3
Subject category code subdivision Anglická próza, anglicky písaná
Source konspekt
080 ## - UNIVERSAL DECIMAL CLASSIFICATION NUMBER
Universal Decimal Classification number 820-3
Edition identifier 1981
080 ## - UNIVERSAL DECIMAL CLASSIFICATION NUMBER
Universal Decimal Classification number 821.111-31
Edition identifier 2001
080 ## - UNIVERSAL DECIMAL CLASSIFICATION NUMBER
Universal Decimal Classification number (0:82-311.6)
Edition identifier 2001
100 1# - MAIN ENTRY--PERSONAL NAME
Personal name Scott, Walter,
Dates associated with a name 1771-1832
Relationship aut
245 10 - TITLE STATEMENT
Title Kenilworth
Statement of responsibility, etc. Walter Scott ; z angl. orig. Kenilworth prel., doslov, pozn. a vysvetl. nap. Jozef Šimo ; prebás. Viliam Turčány
260 ## - PUBLICATION, DISTRIBUTION, ETC.
Place of publication, distribution, etc. Bratislava
Name of publisher, distributor, etc. SVKL
Date of publication, distribution, etc. 1965
Place of manufacture Martin
Manufacturer Tlačiarne SNP
300 ## - PHYSICAL DESCRIPTION
Extent 430, [2] s.
Dimensions
366 ## - TRADE AVAILABILITY INFORMATION
Publishers' compressed title identification 15 000 výtl.
490 1# - SERIES STATEMENT
Series statement Hviezdoslavova knižnica
Volume/sequential designation zv. 112. Svetový rad. zv. 42
500 ## - GENERAL NOTE
General note Pozn. Frontispice
655 #7 - INDEX TERM--GENRE/FORM
Genre/form data or focus term umelecká literatúra
Source of term SNKPH
655 #7 - INDEX TERM--GENRE/FORM
Genre/form data or focus term anglické romány
Source of term SNKPH
655 #7 - INDEX TERM--GENRE/FORM
Genre/form data or focus term historické romány
Source of term SNKPH
700 1# - ADDED ENTRY--PERSONAL NAME
Personal name Šimo, Jozef,
Dates associated with a name 1909-1984
Relationship trl
-- aui
700 1# - ADDED ENTRY--PERSONAL NAME
Personal name Turčány, Viliam,
Dates associated with a name 1928-2021
Relationship trl
830 #0 - SERIES ADDED ENTRY--UNIFORM TITLE
Uniform title Hviezdoslavova knižnica
910 ## - USER-OPTION DATA (OCLC)
User-option data kis3gmm
910 ## - USER-OPTION DATA (OCLC)
User-option data bpksh
910 ## - USER-OPTION DATA (OCLC)
User-option data kuruk
942 ## - ADDED ENTRY ELEMENTS (KOHA)
Source of classification or shelving scheme Dewey Decimal Classification
Koha item type Krásna literatúra pre dospelých
Suppress in OPAC No
949 ## - LOCAL PROCESSING INFORMATION (OCLC)
6 3869A09497
a bpksh820-31
b bpksh23077
949 ## - LOCAL PROCESSING INFORMATION (OCLC)
6 3830001044325
a kurukT1/SCOT1-5
b kuruk2010/F4242
o Darca: p. Oľga Homolayová
949 ## - LOCAL PROCESSING INFORMATION (OCLC)
6 273K0342870
a svkpoA 58293
b svkpo135145
949 ## - LOCAL PROCESSING INFORMATION (OCLC)
6 3869A09496
a bpksh820-31
b bpksh28686
Holdings
Stav vyradenia Strata Poškodenie Spôsob nadobudnutia Domovská knižnica Aktuálna knižnica Dátum nadobudnutia Total checkouts Čiarový kód exemplára Date last seen Typ exemplára
      Dar Obecná knižnica Horná Štubňa Obecná knižnica Horná Štubňa 13.02.2026   4736201274 13.02.2026 Krásna literatúra pre dospelých
Projekt je podporený Slovenskou asociáciou knižníc
Prevádzkuje Turčianska knižnica Martin 2026